Lý thuyết tài chính - tiền tệ

Là tài liệu tham khảo dùng cho các đối tượng là học viên thuộc khối các trường kinh tế nói chung và thuộc khối các trường chuyên về tài chính - ngân hàng nói riêng. Sách nhằm cung cấp những kiến thức cơ bản về các phạm trù: tài chính -...

全面介紹

Đã lưu trong:
書目詳細資料
主要作者: Lê, Thị Mận
格式: 圖書
語言:Undetermined
出版: Hà Nội Lao động - Xã hội 2010
主題:
標簽: 添加標簽
沒有標簽, 成為第一個標記此記錄!
Thư viện lưu trữ: Trung tâm Học liệu Trường Đại học Cần Thơ
LEADER 01061nam a2200205Ia 4500
001 CTU_158504
008 210402s9999 xx 000 0 und d
020 |c 69000 
082 |a 332.4 
082 |b M266 
100 |a Lê, Thị Mận 
245 0 |a Lý thuyết tài chính - tiền tệ 
245 0 |c Lê Thị Mận 
260 |a Hà Nội 
260 |b Lao động - Xã hội 
260 |c 2010 
520 |a Là tài liệu tham khảo dùng cho các đối tượng là học viên thuộc khối các trường kinh tế nói chung và thuộc khối các trường chuyên về tài chính - ngân hàng nói riêng. Sách nhằm cung cấp những kiến thức cơ bản về các phạm trù: tài chính - tiền tệ - tín dụng - ngân hàng - ngoại hối - thanh toán... 
650 |a Chính sách tiền tệ,Tiền tệ,Monetary policy,Finance 
904 |i Bạch Trúc 
980 |a Trung tâm Học liệu Trường Đại học Cần Thơ